In the field : an introduction to field research

Αποθηκεύτηκε σε:
Λεπτομέρειες βιβλιογραφικής εγγραφής
Κύριος συγγραφέας: Burgess, Robert G.
Μορφή: Βιβλίο
Γλώσσα:English
Δημοσίευση: London; New York : Routledge, 2000
Σειρά:Contemporary social research series ; ; 8
Θέματα:
Ετικέτες: Προσθήκη ετικέτας
Δεν υπάρχουν, Καταχωρήστε ετικέτα πρώτοι!

MARC

LEADER 00000nam a2200000 i 4500
001 1/82043
008 050722s2000 eng d
020 |a 0-415-07867-9 
035 |l 10079422 
040 |a GR-MY-UA  |b gre  |e aacr 
041 0 |a eng 
082 0 |a 300.723  |2 (22) 
100 1 |a Burgess, Robert G. 
245 1 0 |a In the field :  |b an introduction to field research /  |c Robert G. Burgess 
260 |a London; New York :   |b Routledge,   |c 2000 
300 |a xiv, 254 σ.;  |c 23 εκ. 
490 1 |a Contemporary social research series  |v ; 8 
504 |a Περιέχει βιβλιογραφία (σ. 221-245) και ευρετήριο 
650 0 0 |a Sociology  |x Research. 
650 0 0 |a Ethnology  |x Fieldwork. 
650 0 0 |a Social sciences  |x Field work. 
830 0 |a Contemporary social research series ;  |v ; 8 
852 |a INST  |b LESVOS  |e 20050722  |h 300.723 BUR  |p 005100032002  |q 005100032002  |t BK  |y 0 
901 |a BIBL1-2005-2 
909 |a Λ  |b 121766 
920 |a ΕΠΕΑΕΚ ΠΜΣ ΓΥΝΑΙΚΕΣ KAI ΦΥΛΑ  |y ΛΕΣΒΟΣ  |z 2005-06 
970 |a ΚΑΡΑ  |b ΓΙΑΣΕΜΗ  |z 2005/07/22